Équipe de France à l'Euro 2024 avec clubs - Statistiques

Statistiques générales
  • Ce quiz a été pris 2 134 fois
  • Le résultat moyen est 23 sur 26
Statistiques - réponses
# Poste Joueur Club % Correct
10 A Kylian Mbappé Paris Saint-Germain
98%
11 A Ousmane Dembélé Paris Saint-Germain
96%
7 M Antoine Griezmann Atlético Madrid
95%
13 M N'Golo Kanté Al-Ittihad
95%
8 M Aurélien Tchouaméni Real Madrid
94%
16 G Mike Maignan AC Milan
94%
2 D Benjamin Pavard Inter Milan
93%
6 M Eduardo Camavinga Real Madrid
93%
5 D Jules Koundé FC Barcelone
93%
1 G Brice Samba RC Lens
91%
9 A Olivier Giroud AC Milan
91%
15 A Marcus Thuram Inter Milan
90%
22 D Théo Hernandez AC Milan
90%
17 D William Saliba Arsenal FC
90%
14 M Adrien Rabiot Juventus FC
89%
4 D Dayot Upamecano Bayern Munich
89%
25 A Bradley Barcola Paris Saint-Germain
88%
24 D Ibrahima Konaté Liverpool FC
88%
3 D Ferland Mendy Real Madrid
86%
23 G Alphonse Areola West Ham United
85%
/ Sélectionneur Didier Deschamps /
85%
20 A Kingsley Coman Bayern Munich
82%
12 A Randal Kolo Muani Paris Saint-Germain
81%
18 M Warren Zaïre-Emery Paris Saint-Germain
79%
21 D Jonathan Clauss Olympique de Marseille
69%
19 M Youssouf Fofana AS Monaco
67%
Aucun quiz correspondant
Distribution des résultats
% des personnes avec chaque résultat
Percentile par nombre de réponses
Votre historique - résultats
Vous n’avez pas pris ce quiz